Music Quiz

Random Music or Song Quiz

Musician Images (A-Z) III Quiz Stats

Quiz Updated Sep 15, 2016

Challenge
Share
Tweet
Score 0/24 Timer 04:00
16 Plays Today
% Correct
Miley Cyrus
94.5%
Dolly Parton
93.3%
Jimi Hendrix
87.6%
Kanye West
86.4%
Nicki Minaj
83.1%
Janis Joplin
80.8%
Barbra Streisand
80.3%
Susan Boyle
75.2%
Axl Rose
72.7%
Ariana Grande
69.3%
John Denver
64.5%
Roy Orbison
61.1%
% Correct
Stevie Nicks
60.2%
Luther Vandross
48.9%
Nelly Furtado
46.6%
Toby Keith
45.5%
Leona Lewis
45.2%
Natalie Imbruglia
43.1%
Duke Ellington
41.9%
Iggy Azalea
41.2%
Tracey Ullman
41.2%
Thom Yorke
37.3%
Rob Thomas
30.6%
Warren Zevon
24.7%

You're not logged in!

Compare scores with friends on all Sporcle quizzes.
Sign Up with Email
OR
Log In

You Might Also Like...

Show Comments

Extras

Top Quizzes Today


Score Distribution

Your Account Isn't Verified!

In order to create a playlist on Sporcle, you need to verify the email address you used during registration. Go to your Sporcle Settings to finish the process.